000 00485nam a2200193Ia 4500
005 20240610011536.0
008 240331s9999 xx 000 0 und d
020 _a8185107750
082 _bKAB
_a331.4
100 _aKabeer, Naila
245 0 _aReversed realities :
_bgender hierarchies in development thought
250 _a2 nd
260 _a New Delhi
_bKali For Women
_c1996
300 _axix, 346 p .,
650 _aWoman
650 _aGender
650 _aSocial
942 _cL
999 _c2594
_d2594